00722nam a2200181 a 450000100100000000500170001000800410002702000150006804000250008310000200010824000810012824501850020926000340039430000360042870000270046470000220049170000270051300004388220201002045026.0140508s1998 sp ac 000 0 spa d a8476517041 aDO-SdBNPbspacBNPHU1 aErdoes, Richard 0aThe gift of power for life and teachings of a Lakota medicine manlespañol13aEl don del poder :bvida y enseñanzas de un hombre medicina lakota /cRichard Erdoes, Archie Fire Lame Deer ; introducción de Alvin M. Josephy;traducción de Ángela Pérez. aBarcelona :bHesperus,c1998. a336 p. :bil., retrs. ;c22 cm.12aLame Deer, Archie Fire12aJosephy, Alvin M.12aPérez, Ángelaetr.